| 000 | 00570nam a2200169 a 4500 | ||
|---|---|---|---|
| 001 | 000024468 | ||
| 005 | 20240226131943.0 | ||
| 008 | 110128s1970 dr 000 0 spa d | ||
| 040 |
_aDO-SdBNP _bspa _cBNPHU |
||
| 082 |
_axxx _bA948r |
||
| 100 | 1 |
_aAvelino, Andrés, _d1900-1974 _931875 |
|
| 245 | 1 | 0 |
_aRelatividad por el movimiento y relatividad por el reposo / _cAndrés Avelino. |
| 260 |
_aSanto Domingo : _bUniversidad Autónoma de Santo Domingo, _c1970. |
||
| 300 |
_a66 p. ; _c24 cm. |
||
| 500 | _aIncluye datos biográficos del autor en las solapas | ||
| 049 | _aBNPD | ||
| 999 |
_c23961 _d23961 |
||